Ensayo sobre la ceguera / (Record no. 149798)

MARC details
000 -CABECERA
campo de control de longitud fija 00812cam a22002774a 4500
003 - IDENTIFICADOR DEL NÚMERO DE CONTROL
campo de control UPN
005 - FECHA Y HORA DE LA ÚLTIMA TRANSACCIÓN
campo de control 20220610163018.0
008 - ELEMENTOS DE LONGITUD FIJA--INFORMACIÓN GENERAL
campo de control de longitud fija 100906s2006 es r 000 f spa d
020 ## - NÚMERO INTERNACIONAL NORMALIZADO PARA LIBROS
Número Internacional Estándar del Libro 9789707311152
035 ## - NÚMERO DE CONTROL DEL SISTEMA
Número de control de sistema UPN01000177695
040 ## - FUENTE DE LA CATALOGACIÓN
Centro catalogador/agencia de origen UPN
Lengua de catalogación spa
Centro/agencia transcriptor UPN
049 ## - COLECCIÓN
Colección CG
050 #4 - SIGNATURA TOPOGRÁFICA DE LA BIBLIOTECA DEL CONGRESO
Número de clasificación PQ9281 S2
Número de documento/Ítem E4a
100 1# - ASIENTO PRINCIPAL--NOMBRE PERSONAL
Nombre de persona Saramago, José,
Fechas asociadas al nombre 1922-2010
9 (RLIN) 29596
245 10 - MENCIÓN DE TÍTULO
Título Ensayo sobre la ceguera /
Mención de responsabilidad, etc. José Saramago ; tr. de Basilio Losada.
260 ## - PUBLICACIÓN, DISTRIBUCIÓN, ETC.
Lugar de publicación, distribución, etc. España :
Nombre del editor, distribuidor, etc. Punto de Lectura,
Fecha de publicación, distribución, etc. 2006.
300 ## - DESCRIPCIÓN FÍSICA
Extensión 329 p.
490 ## - MENCIÓN DE SERIE
Mención de serie Punto de lectura ;
Designación de volumen o secuencia 3.2
534 ## - NOTA SOBRE LA VERSIÓN ORIGINAL
Frase introductoria Título original:
Mención de título del original Ensaio sobre a cegueira
586 ## - NOTA DE PREMIOS
Nota de premios Premio Nobel de Literatura 1998
650 #4 - ASIENTO SECUNDARIO DE MATERIA - TERMINO TEMATICO
Término de materia o nombre geográfico como elemento de entrada CEGUERA -
Subdivisión de forma NOVELA
9 (RLIN) 447
650 #4 - ASIENTO SECUNDARIO DE MATERIA - TERMINO TEMATICO
Término de materia o nombre geográfico como elemento de entrada ALEGORIA
9 (RLIN) 446
650 #0 - ASIENTO SECUNDARIO DE MATERIA - TERMINO TEMATICO
Término de materia o nombre geográfico como elemento de entrada Novela psicológica
9 (RLIN) 7120
905 ## - TIPO DE MATERIAL
Tipo de material Libro
942 ## - ELEMENTOS DE PUNTO DE ACCESO ADICIONAL (KOHA)
Fuente del sistema de clasificación o colocación Library of Congress Classification
Tipo de ítem Koha Libro
Holdings
Estado de retiro Estado de pérdida Fuente del sistema de clasificación o colocación Estado dañado No para préstamo Código de colección Localización permanente Ubicación/localización actual Ubicación en estantería Total de préstamos Clasificación Código de barras Fecha visto por última vez Tipo de ítem Koha Fecha de adquisición Fecha del último préstamo
    Library of Congress Classification     Colección General Bib. Gregorio Torres Quintero Bib. Gregorio Torres Quintero Planta baja 1 PQ9281 S2 E4a 273399 31/12/2020 Libro    
    Library of Congress Classification     Colección General Bib. Gregorio Torres Quintero Bib. Gregorio Torres Quintero Planta baja 49 PQ9281 S2 E4a 273622 17/10/2022 Libro 30/09/2022 30/09/2022